Positioning infrastructures for sustainable land governance (Record no. 116219)

MARC details
000 -LEADER
fixed length control field 01448cad a22002775a 4500
001 - CONTROL NUMBER
control field L160103
008 - FIXED-LENGTH DATA ELEMENTS--GENERAL INFORMATION
fixed length control field 100611s2009 xxk f 000 0 eng d
035 ## - SYSTEM CONTROL NUMBER
System control number (Sirsi) u160103
041 0# - LANGUAGE CODE
Language code of text/sound track or separate title eng
110 2# - MAIN ENTRY--CORPORATE NAME
Corporate name or jurisdiction name as entry element Federation International Des Geometres
111 2# - MAIN ENTRY--MEETING NAME
Meeting name or jurisdiction name as entry element FIG / World Bank Conference Washington DC, USA
Date of meeting or treaty signing 9 - 10 March 2009
245 00 - TITLE STATEMENT
Title Positioning infrastructures for sustainable land governance
Medium [electronic resource]
260 ## - PUBLICATION, DISTRIBUTION, ETC.
Place of publication, distribution, etc. Washington
Name of publisher, distributor, etc. FIG
Date of publication, distribution, etc. 2009
520 ## - SUMMARY, ETC.
Summary, etc. Traces the evolution from the concepts of Geodetic Datums to Positioning Infrastructures and their relevance to the parallel evolution of the concept of Land Governance. A geodetic datum describes positions in three dimensions and underpins all of what we now call geo-spatial information. The concept of a Positioning Infrastructure is based on Global Navigation Satellite Systems such as GPS and extends to the ground infrastructure used to improve the accuracy and reliability of GNSS positioning for users.
521 ## - TARGET AUDIENCE NOTE
Target audience note Advanced
590 ## - LOCAL NOTE (RLIN)
Local note KA
650 24 - SUBJECT ADDED ENTRY--TOPICAL TERM
Topical term or geographic name entry element GEODETIC TRIANGULATION
650 24 - SUBJECT ADDED ENTRY--TOPICAL TERM
Topical term or geographic name entry element POSITIONING SYSTEMS
650 24 - SUBJECT ADDED ENTRY--TOPICAL TERM
Topical term or geographic name entry element LAND ADMINISTRATION
650 24 - SUBJECT ADDED ENTRY--TOPICAL TERM
Topical term or geographic name entry element GNSS
651 #4 - SUBJECT ADDED ENTRY--GEOGRAPHIC NAME
Geographic name International
690 ## - LOCAL SUBJECT ADDED ENTRY--TOPICAL TERM (OCLC, RLIN)
Topical term or geographic name as entry element Land use
9 (RLIN) 6251
700 1# - ADDED ENTRY--PERSONAL NAME
Personal name Higgins, Matthew
856 40 - ELECTRONIC LOCATION AND ACCESS
Uniform Resource Identifier <a href="https://www.rics.org/Global/Downloads/RICS_FIG_Building_Institutional_and_Oragnisational_Capacity_for_Land.pdf">https://www.rics.org/Global/Downloads/RICS_FIG_Building_Institutional_and_Oragnisational_Capacity_for_Land.pdf</a>
Public note View the document free of charge at www.rics.org
942 ## - ADDED ENTRY ELEMENTS (KOHA)
Suppress in OPAC 0
Holdings
Withdrawn status Lost status Source of classification or shelving scheme Damaged status Not for loan Home library Current library Shelving location Date acquired Total Checkouts Full call number Barcode Date last seen Copy number Price effective from Koha item type
    Dewey Decimal Classification     Virtual Virtual Online 24/05/2018   ONLINE PUBLICATION 160103-2001 06/08/2019 1 06/08/2019 Book